| 000 | 00692nam a2200217Ia 4500 | ||
|---|---|---|---|
| 003 | OSt | ||
| 005 | 20220925211630.0 | ||
| 006 | a|||||r|||| 00| 0 | ||
| 007 | ta | ||
| 008 | 220923b |||||||| |||| 00| 0 eng d | ||
| 037 | _cGeneral Book | ||
| 040 |
_aRTL _cRTL _beng |
||
| 041 |
_2eng _aeng |
||
| 082 | _aX9(J711).4412.N75<--N73r, L5 | ||
| 245 | 0 |
_aRUBBER BOARD _b Report of activities from April 1, 1973 to 30 Sep 1973 |
|
| 260 |
_aKerala _bRubber Board _c1973 |
||
| 300 |
_a88p _ccm. |
||
| 500 | _aApp. I: Statement Showing R.P. subsidy sanctioned; 94p., App. II: | ||
| 942 |
_hX9(J711).4412.N75<--N73r, L5 _cGB _2CC |
||
| 999 |
_c558259 _d558259 |
||